Online Catalogue and eLibrary

Samaja viddyawe mulika sankalpa (Record no. 989)

MARC details
000 -LEADER
fixed length control field 00427nam a2200169Ia 4500
005 - DATE AND TIME OF LATEST TRANSACTION
control field 20250516033748.0
008 - FIXED-LENGTH DATA ELEMENTS--GENERAL INFORMATION
fixed length control field 240331s9999 xx 000 0 und d
020 ## - INTERNATIONAL STANDARD BOOK NUMBER
ISBN 9555530017
082 ## - DDC Classification
Class No. 300.5
Item Number - Author Mark AMA
100 ## - MAIN ENTRY--PERSONAL NAME
Personal name Amarasekare, D
245 #0 - TITLE STATEMENT
Title Samaja viddyawe mulika sankalpa
250 ## - EDITION STATEMENT
Edition statement 2nd
260 ## - PUBLICATION, DISTRIBUTION, ETC.
Place of publication, distribution, etc. Varakapola
Name of publisher, distributor, etc. Ariya Publishers
Date of publication, distribution, etc. 1987
300 ## - PHYSICAL DESCRIPTION
Extent (e.g. Volumes, Pages etc.) 204 p .,
500 ## - GENERAL NOTE
General note Social Science & an Resolution
942 ## - Koha item type (Biblio)
Koha item type Books in Stacks (Lending)
Holdings
Lost status Damaged status Collection code Home library Current library Shelving location Date acquired Full call number Accession Number Item type
    Lending WERC Library WERC Library Social Science Cupboard 03/31/2024 300.5 AMA 1389 Books in Stacks (Lending)

© WERC Library